| 000 | 00571nam a22001097a 4500 | ||
|---|---|---|---|
| 008 | 110707t xxu||||| |||| 00| 0 eng d | ||
| 010 | _aC DOC F-140 | ||
| 245 | _aAmmended Charge: Uganda Vs Nyanzi Isaya, M/a, aged 30yrs, Muganda, Busine man at Owino Market, Res. of Kweba Zone Mankindye Division in Kampala District. and six (6) others. | ||
| 260 | _c1999 | ||
| 999 |
_c4610 _d4610 |
||